000 00901cam a2200349 4500500
005 20260405001454.0
041 _afre
042 _adc
100 1 0 _aLacroix, Alexandre
_eauthor
245 0 0 _aRésonances/Avril 2013
260 _c2013.
500 _a72
690 _aAlimentation
690 _aBeppe Grillo
690 _aClaude Lévi-Strauss
690 _aDrones
690 _aÉlections
690 _aFacebook
690 _aItalie
690 _aMali
690 _aMauvaise foi
690 _aMichel Foucault
690 _aMichela Marzano
690 _aPrison
690 _aSartre
690 _aSéduction
690 _aSexe
690 _aTaubira
690 _aViande
786 0 _nPhilosophie magazine | 68 | 4 | 2013-04-01 | p. 16-16 | 1951-1787
856 4 1 _uhttps://shs.cairn.info/magazine-philosophie-magazine-2013-4-page-16?lang=fr&redirect-ssocas=7080
999 _c2048037
_d2048037